OBJECTIVE QUESTIONS IN LIBRARY AND INFOR (Record no. 8407)

MARC details
000 -LEADER
fixed length control field 00352nam a2200133Ia 4500
008 - FIXED-LENGTH DATA ELEMENTS--GENERAL INFORMATION
fixed length control field 240624s9999 xx 000 0 und d
041 ## - LANGUAGE CODE
Language code of text/sound track or separate title eng
082 ## - DEWEY DECIMAL CLASSIFICATION NUMBER
Classification number 021.24 TRI
100 ## - MAIN ENTRY--PERSONAL NAME
Personal name TRIPATHI S M
245 ## - TITLE STATEMENT
Title OBJECTIVE QUESTIONS IN LIBRARY AND INFOR
260 ## - PUBLICATION, DISTRIBUTION, ETC.
Date of publication, distribution, etc. 2006
Place of publication, distribution, etc. New Delhi
Name of publisher, distributor, etc. Ess Ess Publications
300 ## - PHYSICAL DESCRIPTION
Extent 331 : p. : cm. ; 21
365 ## - TRADE PRICE
Currency code RS
Price amount 20
Holdings
Withdrawn status Lost status Damaged status Not for loan Home library Current library Shelving location Date acquired Source of acquisition Cost, normal purchase price Total Holds Full call number Barcode Date last seen Copy number Price effective from Koha item type
        IMTN IMTN Rack 2-B 02/07/2008 WBD 550.00 789 021.24 TRI 8407 06/24/2024 1 06/24/2024 Books
Designed & Maintained by: LRC IMT Nagpur Contact: lrc@imtnag.ac.in© 2024. All Rights Reserved.